| 000 | 00395nam a2200145Ia 4500 | ||
|---|---|---|---|
| 008 | 230711s9999||||xx |||||||||||||| ||und|| | ||
| 041 | _aENG | ||
| 082 |
_a670 _bRA-M |
||
| 100 | _aRao,P.N | ||
| 245 | 0 | _aManufacturing technology foundry forming and welding | |
| 250 | _a2nd Ed. | ||
| 260 |
_c2003 _aNew Delhi _bTata McGraw Hill Education Limited |
||
| 650 | _aMechanical Engineering | ||
| 942 | _cBK | ||
| 999 |
_c4236 _d4236 |
||